000 00754nam a2200265Ia 4500
005 20260302114727.0
008 008 260114s9999 xx 000 0 eng d
020 _a9781501380495
037 _aTextbook
040 _aCRL
040 _beng
040 _cCRL
041 _2eng
041 _aeng
084 _qCRL
100 _aCarole Birkan-Berz, Oriane Monthéard, and Erin Cunningham
_91119568
245 0 _aMigration and Mutation New Perspectives on the Sonnet in Translation
260 _bBloomsbury
260 _bBloomsbury Academic
260 _c2023
650 _aLiterary Studies
856 _uhttps://doi.org/10.5040/9781501380495?locatt=label:secondary_bloomsburyCollections
942 _cEBOOK
999 _c1683624
_d1683624